IRRIGATION AGRONOMY (Record no. 25679)

MARC details
000 -LEADER
fixed length control field 00331nam a22001577a 4500
003 - CONTROL NUMBER IDENTIFIER
control field SGT
020 ## - INTERNATIONAL STANDARD BOOK NUMBER
International Standard Book Number 978-93-5359-251-6
082 ## - DEWEY DECIMAL CLASSIFICATION NUMBER
Classification number 631.587
Item number RED
100 ## - MAIN ENTRY--PERSONAL NAME
Personal name REDDY, S.R.
245 ## - TITLE STATEMENT
Title IRRIGATION AGRONOMY
250 ## - EDITION STATEMENT
Edition statement 5TH
260 ## - PUBLICATION, DISTRIBUTION, ETC. (IMPRINT)
Place of publication, distribution, etc DELHI
Name of publisher, distributor, etc KALYANI
Year of Publication 2022
300 ## - PAGE DESCRIPTION
No. of Pages 550
650 ## - SUBJECT ADDED ENTRY--TOPICAL TERM
Topical term or geographic name as entry element AGRONOMY
942 ## - ADDED ENTRY ELEMENTS (KOHA)
Source of classification or shelving scheme Dewey Decimal Classification
Koha item type Books
942 ## - ADDED ENTRY ELEMENTS (KOHA)
-- 1
Holdings
Withdrawn status Lost status Source of classification or shelving scheme Damaged status Not for loan Home library Current library Shelving location Date acquired Vendor Name Cost, normal purchase price SGTU Bill Number Full call number Accession No. (Barcode) Date last seen Bill Date Koha item type Total Checkouts Date last borrowed
    Dewey Decimal Classification   Not For Loan SGT Science & Social Sciences Library SGT Science & Social Sciences Library Reference Book 20/02/2024 KALYANI 495.00 SGTU 2140 631.587 RED AG2326 20/02/2024   Books    
    Dewey Decimal Classification     SGT Science & Social Sciences Library SGT Science & Social Sciences Library Text Book 20/02/2024 KALYANI 495.00 SGTU 2140 631.587 RED AG2327 17/02/2026   Books 5 02/02/2026
    Dewey Decimal Classification     SGT Science & Social Sciences Library SGT Science & Social Sciences Library Text Book 20/02/2024 KALYANI 495.00 SGTU 2140 631.587 RED AG2328 20/02/2024   Books    
    Dewey Decimal Classification     SGT Science & Social Sciences Library SGT Science & Social Sciences Library Text Book 20/02/2024 KALYANI 495.00 SGTU 2140 631.587 RED AG2329 18/03/2026   Books 1 18/02/2026
    Dewey Decimal Classification     SGT Science & Social Sciences Library SGT Science & Social Sciences Library Text Book 20/02/2024 KALYANI 495.00 SGTU 2140 631.587 RED AG2330 19/12/2025   Books 1 27/10/2025